00788nam a2200241 i 4500001001000000003000900010005001700019007000300036008004100039040003000080041000800110082002200118100005100140245007800191264004700269270006100316300002700377336002700404337003300431338002800464500002100492650003300513000002046DO-SdBNP20260219124458.0ta090630s2002 dr r 000 0 spa d aDO-SdBNPbspacBNPHUerda aspa a340.54bS232c222 aSantana Marcano, Miguel Ángel,d1967-eautor10aCompendio del derecho sucesoral romano /cMiguel Ángel Santana Marcano. aSanto Domingo :bLa Filantrópica,c2002. aCalle Mercedes esq. Hostos, zona colonialbSanto Domingo a30 páginas ;c20 cm. ardacontentbtexto2txt ardamediabsin mediación2n ardacarrierbvolumen2nc aIncluye índice 7aDerecho sucesorio2LIBRUNAM